<?xml version="1.0" encoding="UTF-8"?>
<record
    xmlns:xsi="http://www.w3.org/2001/XMLSchema-instance"
    xsi:schemaLocation="http://www.loc.gov/MARC21/slim http://www.loc.gov/standards/marcxml/schema/MARC21slim.xsd"
    xmlns="http://www.loc.gov/MARC21/slim">

  <leader>03011nam a2200313uu 4500</leader>
  <controlfield tag="001">1304131</controlfield>
  <controlfield tag="005">20260508075408.0</controlfield>
  <controlfield tag="008">121101s2012                        eng  </controlfield>
  <datafield tag="020" ind1=" " ind2=" ">
    <subfield code="a">9781461432258</subfield>
  </datafield>
  <datafield tag="035" ind1=" " ind2=" ">
    <subfield code="a">1304131</subfield>
  </datafield>
  <datafield tag="040" ind1=" " ind2=" ">
    <subfield code="c">comduadb</subfield>
  </datafield>
  <datafield tag="041" ind1=" " ind2=" ">
    <subfield code="a">eng</subfield>
  </datafield>
  <datafield tag="082" ind1=" " ind2="4">
    <subfield code="a">005</subfield>
  </datafield>
  <datafield tag="100" ind1="1" ind2="0">
    <subfield code="a">Hartnett, William E.</subfield>
    <subfield code="4">aut</subfield>
    <subfield code="e">aut</subfield>
    <subfield code="9">313115</subfield>
  </datafield>
  <datafield tag="245" ind1="1" ind2="0">
    <subfield code="a">Pyomo : optimization modeling in Python</subfield>
  </datafield>
  <datafield tag="260" ind1=" " ind2=" ">
    <subfield code="a">Nueva York :</subfield>
    <subfield code="b">Springer,</subfield>
    <subfield code="c">2012.</subfield>
  </datafield>
  <datafield tag="300" ind1=" " ind2=" ">
    <subfield code="a">237 p&#xE1;ginas :</subfield>
    <subfield code="b">ilustraciones</subfield>
  </datafield>
  <datafield tag="490" ind1="0" ind2=" ">
    <subfield code="a">Springer optimization and its applications ;</subfield>
    <subfield code="v">67</subfield>
  </datafield>
  <datafield tag="520" ind1="3" ind2=" ">
    <subfield code="a">Este libro proporciona una referencia completa y exhaustiva gu&#xED;a / a Pyomo (Modelado de objetos Python Optimization) para el principio y modeladores avanzados, incluidos los estudiantes a nivel de pregrado y postgrado, investigadores acad&#xE9;micos y profesionales. El texto ilustra el alcance de las capacidades de modelado y an&#xE1;lisis que son compatibles con el software y el apoyo de las complejas aplicaciones del mundo real. Pyomo es un paquete de software de c&#xF3;digo abierto para la formulaci&#xF3;n y soluci&#xF3;n de optimizaci&#xF3;n de gran escala y los problemas de investigaci&#xF3;n de operaciones. El texto comienza con un tutorial en simples modelos de programaci&#xF3;n lineal y entera. Una referencia detallada de los componentes de modelado Pyomo se ilustra con ejemplos detallados, incluyendo una discusi&#xF3;n sobre c&#xF3;mo cargar datos de fuentes de datos, como hojas de c&#xE1;lculo y bases de datos. Los cap&#xED;tulos que describen las capacidades avanzadas de modelado de optimizaci&#xF3;n no lineal y estoc&#xE1;stica tambi&#xE9;n est&#xE1;n incluidos. El software ofrece caracter&#xED;sticas familiares Pyomo modelado en Python, un lenguaje de programaci&#xF3;n potente din&#xE1;mica que tiene una muy clara, legible sintaxis y la orientaci&#xF3;n a objetos intuitiva. Pyomo incluye las clases de Python para la definici&#xF3;n de conjuntos dispersos, par&#xE1;metros y variables, que pueden ser utilizados para formular las expresiones algebraicas que definen los objetivos y restricciones. Por otra parte, Pyomo se puede utilizar desde una interfaz de l&#xED;nea de comandos y en el entorno de comandos interactivo de Python, lo que hace que sea f&#xE1;cil crear modelos Pyomo, aplicar una variedad de optimizadores, y examinar las soluciones. El software es compatible con un enfoque de modelo comercial diferente de LMA (Idiomas algebraicas modelado) herramientas, y est&#xE1; dise&#xF1;ado para la flexibilidad, extensibilidad, portabilidad y facilidad de mantenimiento sino que tambi&#xE9;n mantiene las ideas centrales de AML modernos.</subfield>
  </datafield>
  <datafield tag="650" ind1=" " ind2="7">
    <subfield code="a">Python (Lenguaje de programaci&#xF3;n de computadores)</subfield>
    <subfield code="2">armarc</subfield>
    <subfield code="9">158566</subfield>
  </datafield>
  <datafield tag="650" ind1=" " ind2="7">
    <subfield code="a">Simulaci&#xF3;n por computadores</subfield>
    <subfield code="2">lemb</subfield>
    <subfield code="9">90929</subfield>
  </datafield>
  <datafield tag="650" ind1=" " ind2=" ">
    <subfield code="a">Matem&#xE1;tica computacional</subfield>
    <subfield code="9">101488</subfield>
  </datafield>
  <datafield tag="650" ind1=" " ind2=" ">
    <subfield code="a">Aplicaciones inform&#xE1;ticas</subfield>
    <subfield code="9">64387</subfield>
  </datafield>
  <datafield tag="650" ind1=" " ind2=" ">
    <subfield code="a">Modelos matem&#xE1;ticos - Software</subfield>
    <subfield code="9">192889</subfield>
  </datafield>
  <datafield tag="700" ind1="1" ind2="0">
    <subfield code="a">Laird, Carl</subfield>
    <subfield code="4">aut</subfield>
    <subfield code="e">aut</subfield>
    <subfield code="9">648541</subfield>
  </datafield>
  <datafield tag="700" ind1="1" ind2="0">
    <subfield code="a">Watson, Jean-Paul</subfield>
    <subfield code="4">aut</subfield>
    <subfield code="e">aut</subfield>
    <subfield code="9">654068</subfield>
  </datafield>
  <datafield tag="700" ind1="1" ind2="0">
    <subfield code="a">Woodruff, David L.</subfield>
    <subfield code="4">aut</subfield>
    <subfield code="e">aut</subfield>
    <subfield code="9">654069</subfield>
  </datafield>
  <datafield tag="942" ind1=" " ind2=" ">
    <subfield code="c">BOOK</subfield>
  </datafield>
  <datafield tag="999" ind1=" " ind2=" ">
    <subfield code="c">635751</subfield>
    <subfield code="d">635751</subfield>
  </datafield>
  <datafield tag="952" ind1=" " ind2=" ">
    <subfield code="0">0</subfield>
    <subfield code="1">0</subfield>
    <subfield code="4">0</subfield>
    <subfield code="7">0</subfield>
    <subfield code="8">GEN</subfield>
    <subfield code="a">BC</subfield>
    <subfield code="b">BC</subfield>
    <subfield code="d">2012-11-01</subfield>
    <subfield code="e">DVD World</subfield>
    <subfield code="g">132947.00</subfield>
    <subfield code="i">C1161143</subfield>
    <subfield code="l">4</subfield>
    <subfield code="o">005.133 H325</subfield>
    <subfield code="p">93812</subfield>
    <subfield code="r">2025-04-23 20:25:00</subfield>
    <subfield code="s">2024-04-17</subfield>
    <subfield code="t">1</subfield>
    <subfield code="w">2023-05-02</subfield>
    <subfield code="y">BOOK</subfield>
  </datafield>
</record>
